LEADER 00721nam2 22002171i 450 001 990002306480403321 035 $a000230648 035 $aFED01000230648 035 $a(Aleph)000230648FED01 035 $a000230648 100 $a20030801d--------km-y0itay50------ba 200 1 $aScreening procedures and preclinical pharmacology relating to antineoplastic agents.Chicago, 1964, p. 624-631. 463 0$1001000220964 701 1$aRall,$bDavid P.$096471 801 0$aIT$bUNINA$gRICA$2UNIMARC 901 $aBK 912 $a990002306480403321 959 $aFFABC 996 $aScreening procedures and preclinical pharmacology relating to antineoplastic agents.Chicago, 1964, p. 624-631$9387912 997 $aUNINA DB $aING01